Увеличение выхода светлых фракций в процессе каталитического крекинга; Наукоемкие химические технологии

Bibliographic Details
Parent link:Наукоемкие химические технологии.— 2015.— [С. 23]
Corporate Author: Национальный исследовательский Томский политехнический университет (ТПУ) Институт природных ресурсов (ИПР) Кафедра химической технологии топлива и химической кибернетики (ХТТ)
Other Authors: Стебенева В. И. Валерия Игоревна, Назарова Г. Ю. Галина Юрьевна, Киселёва С. В. Светлана Владимировна, Ивашкина Е. Н. Елена Николаевна
Summary:Заглавие с титульного листа
Language:Russian
Published: 2015
Series:Теоретические основы химических технологий и технология глубокой переработки нефти и получения органических веществ
Subjects:
Online Access:http://mitht.moscow/images/tezis.pdf#page=24
Format: Electronic Book Chapter
KOHA link:https://koha.lib.tpu.ru/cgi-bin/koha/opac-detail.pl?biblionumber=645970

MARC

LEADER 00000naa0a2200000 4500
001 645970
005 20250610152015.0
035 |a (RuTPU)RU\TPU\network\11075 
090 |a 645970 
100 |a 20160205d2015 k y0rusy50 ca 
101 0 |a rus 
102 |a RU 
135 |a drcn ---uucaa 
181 0 |a i  
182 0 |a b 
200 1 |a Увеличение выхода светлых фракций в процессе каталитического крекинга  |f В. И. Стебенева [и др.] 
203 |a Текст  |c электронный 
225 1 |a Теоретические основы химических технологий и технология глубокой переработки нефти и получения органических веществ 
300 |a Заглавие с титульного листа 
337 |a Adobe Reader 
463 |t Наукоемкие химические технологии  |o сборник тезисов докладов VI Молодежной научно-технической конференции, г. Москва, 11-12 ноября 2015 г.  |f Московский институт тонкой химической технологии им. М. В. Ломоносова (МИТХТ)  |v [С. 23]  |d 2015 
610 1 |a электронный ресурс 
610 1 |a труды учёных ТПУ 
610 1 |a каталитический крекинг 
701 1 |a Стебенева  |b В. И.  |g Валерия Игоревна 
701 1 |a Назарова  |b Г. Ю.  |c химик  |c ассистент Томского политехнического университета, лаборант  |f 1990-  |g Галина Юрьевна  |3 (RuTPU)RU\TPU\pers\35533  |9 18715 
701 1 |a Киселёва  |b С. В.  |g Светлана Владимировна 
701 1 |a Ивашкина  |b Е. Н.  |c химик-технолог  |c профессор Томского политехнического университета, доктор технических наук  |f 1983-  |g Елена Николаевна  |3 (RuTPU)RU\TPU\pers\24965  |9 11119 
712 0 2 |a Национальный исследовательский Томский политехнический университет (ТПУ)  |b Институт природных ресурсов (ИПР)  |b Кафедра химической технологии топлива и химической кибернетики (ХТТ)  |3 (RuTPU)RU\TPU\col\18665 
801 2 |a RU  |b 63413507  |c 20160205  |g RCR 
850 |a 63413507 
856 4 |u http://mitht.moscow/images/tezis.pdf#page=24 
942 |c CF